Derecho constitucional e instituciones políticas /

Guardado en:
Autor Principal: Hauriou, André
Otros Autores: González Casanova, José Antonio, (trad.)
Formato: Desconocido
Idioma:Spanish
Publicado: Barcelona : Ariel, 1971
Series:Demos: Biblioteca de ciencia política
Materias:
Etiquetas: Agregar Etiqueta
Sin Etiquetas, Sea el primero en etiquetar este registro!
LEADER 00632nac a22001695a 4500
001 DER.der001653
008 180615s1971####ag#||||||||||||||#||spa||
005 20251230135019.0
245 1 0 |a Derecho constitucional e instituciones políticas /  |c André Hauriou ; traducido por José Antonio González Casanova. 
260 |a Barcelona :  |b Ariel,  |c 1971 
300 |a 958 p. 
440 0 |a Demos: Biblioteca de ciencia política 
100 1 |a Hauriou, André 
700 1 |a González Casanova, José Antonio,  |e trad. 
650 7 |a DERECHO CONSTITUCIONAL 
859 |a DERECHO  |b BIB. DERECHO  |h 342  |i HAU  |p 003735 
859 |a DERECHO  |b BIB. DERECHO  |h 342  |i HAU  |p 004509  |t 1